| 000 | 00464nam a2200193Ia 4500 | ||
|---|---|---|---|
| 005 | 20240607044206.0 | ||
| 008 | 240331s9999 xx 000 0 und d | ||
| 020 | _a041516365X | ||
| 082 |
_bBOY _a363 |
||
| 100 | _aBoyle,M | ||
| 245 | 0 |
_aRe-thinking abortion : _bpsychology,gender,power and the law |
|
| 260 |
_aLondon _bRoutlege _c1997 |
||
| 300 | _a164 p., | ||
| 650 | _aWomen | ||
| 650 | _aGender | ||
| 650 | _aLaw | ||
| 650 | _aPsychology | ||
| 942 | _cL | ||
| 999 |
_c4561 _d4561 |
||